Técnicas de apoyo a la toma de decisiones en la administración pública (Registro nro. 7935)

Detalles MARC
000 -LEADER
fixed length control field 00661 a2200205 4500
001 - CONTROL NUMBER
control field 63034
005 - DATE AND TIME OF LATEST TRANSACTION
control field 20260407155925.0
008 - FIXED-LENGTH DATA ELEMENTS--GENERAL INFORMATION
fixed length control field 260407a1984 arg spa d
003 - CONTROL NUMBER IDENTIFIER
control field AR-UNSa-BCEJYS
040 ## - CATALOGING SOURCE
Original cataloging agency AR-UNSa-BCEJYS
Language of cataloging spa
Transcribing agency AR-UNSa-BCEJYS
080 ## - UNIVERSAL DECIMAL CLASSIFICATION NUMBER
Universal Decimal Classification number 35.077
Common auxiliary subdivision Funciones, actuaciones de los órganos
020 ## - INTERNATIONAL STANDARD BOOK NUMBER
International Standard Book Number 978-84-7351-176-6
041 ## - LANGUAGE CODE
Language code of text/sound track or separate title spa
100 1# - MAIN ENTRY--PERSONAL NAME
Personal name Barba-Romero, Sergio
245 10 - TITLE STATEMENT
Title Técnicas de apoyo a la toma de decisiones en la administración pública
264 #1 - PRODUCTION, PUBLICATION, DISTRIBUTION, MANUFACTURE, AND COPYRIGHT NOTICE
Place of production, publication, distribution, manufacture Madrid :
Name of producer, publisher, distributor, manufacturer Instituto Nacional de Administración Pública (INAP)
Date of production, publication, distribution, manufacture, or copyright notice 1984
300 ## - PHYSICAL DESCRIPTION
Extent 209 p.
Dimensions 19 cm.
590 ## - LOCAL NOTE (RLIN)
Local note niveau_biblio:m niveau_hierar:0
942 ## - ADDED ENTRY ELEMENTS (KOHA)
Koha item type
Existencias
Withdrawn status Lost status Damaged status Not for loan Home library Current library Shelving location Date acquired Total checkouts Full call number Barcode Date last seen Price effective from Koha item type
        Biblioteca Prof. Eusebio Cleto del Rey Biblioteca Prof. Eusebio Cleto del Rey   07/04/2026   35.077 B228 L58174 07/04/2026 07/04/2026 Libro